Francés : C.O.U.

Gespeichert in:
Bibliographische Detailangaben
Körperschaft: Instituto Nacional de Bachillerato a Distancia
Weitere Verfasser: Andrés de Paúl, Milagrosa
Format: Buch
Sprache:Spanisch
Erschienen: Madrid : Ministerio de Educación y Ciencia, 1988
Ausgabe:4ª ed.
Katalog:MANES:  Suchergebnis im Bibliothekskatalog
Schulbuchspezifische Eigenschaften:
Tags: Tag hinzufügen
Keine Tags, Fügen Sie den ersten Tag hinzu!
Hinzugefügt zu:29.11.1999
Geändert in:07.05.2025

MARC

LEADER 00000cam a2200000 i 4500
005 20250507134600.0
008 000000s1988 espa fp 000 0 spa d
020 |a 843691418X 
040 |a uned  |b spa  |c entro-manes 
245 0 0 |a Francés :   |b C.O.U. /   |c [Seminario de Francés del INBAD : Milagrosa Andrés de Paúl ... (et al.)] 
250 |a 4ª ed. 
260 |a Madrid :   |b Ministerio de Educación y Ciencia,   |c 1988 
300 |a 197 p. :   |b il. 
546 |a España 
561 |5 es-BUNED  |3 L.T.M. 0723  |a España. Fondo Manes UNED  |k MANES 
690 0 |a LE 
691 0 |a SE 
700 1 |a Andrés de Paúl, Milagrosa  |9 40907 
710 2 |a Instituto Nacional de Bachillerato a Distancia  |c (España)   |9 36953 
942 |2 ddc  |c BK 
999 |c 97841  |d 97841 
999 |c manes:97841  |d 97841